000
00292nam a2200109 a 4500
005
20200930075825.0
008
120123s1957 000 spa d
100
_a
Carandell, Luis
_9
27704
245
0
_a
Oriente medio tiene la palabra.
260
_a
Barcelona, EspaƱa,
_c
1957.
999
_c
36094
_d
36094
040
_a
DO-SdBNP